00760nam a2200169 a 450000100100000000500170001000800410002702000150006804000250008308200160010824501160012426001740024030000360041404900090045095201140045999900170057300003419920200930070848.0091012s1947 dr ag 000 0 spa d a9993402168 aDO-SdBNPbspacBNPHU axxxxbH731c00aCanciones dominicanas antiguas /cCompiladas, transcriptas y arregladas para voz y piano por José D. Cerón. aCiudad Trujillo, Dist. de Santo Domingo, República Dominicana :bSecretaría de Estado de Educación y Bellas Artes, Sección de Canje y difución Cultural,c1947. a148 p. :bil., mús. ;c26 cm. aBNPD 001050718RVaPDbPDcHDd2011-09-27iLF1l0oxxxx H731cp34199-10r2020-06-25w2020-06-25y1ZNo se presta c33690d33690